| 000 | 00484nam a2200181Ia 4500 | ||
|---|---|---|---|
| 005 | 20250317131140.0 | ||
| 008 | 008 250317s9999 xx 000 0 eng d | ||
| 037 | _aTextbook | ||
| 040 |
_aFMSL _beng _cFMSL |
||
| 041 |
_aeng _2eng |
||
| 084 | _qFMSL | ||
| 100 |
_aExton W _9736090 |
||
| 245 | 0 | _aMotivational leverage: A new approach to managing people | |
| 260 |
_aD.B _bD.B, Taraporevala _c1979 |
||
| 300 | _a225p | ||
| 942 | _cTB | ||
| 999 |
_c1266883 _d1266883 |
||